| 000 | 01428nam a22001577a 4500 | ||
|---|---|---|---|
| 041 | _aukr | ||
| 080 | _a09 | ||
| 090 | _bЛІВ | ||
| 100 | _aЛівінюк О.Я. | ||
| 245 | _aОномастикон в американському часописі "U.S. News and World Report" | ||
| 260 |
_aОстрог _bКАФ _c2009 |
||
| 300 | _a43 | ||
| 520 |
_aВСТУП
РОЗДІЛ 1 ЗАГАЛЬНИЙ АНАЛІЗ ЛЕКСИКИ У МОВІ ПУБЛІЦИСТИЧНИХ ТЕКСТІВ
1.1 Використання різних лексичних одиниць у публіцистиці.
1.2 Оніми як лексичні одиниці у загальній структурі публіцистичних текстів.
РОЗДІЛ 2 ЛЕКСИКО-СЕМАНТИЧНИЙ АНАЛІЗ ОНІМІВ У МОВІ АМЕРИКАНСЬКОГО ЧАСОПИСУ "U.S. News and World Report"
2.1 Імена людей.
2.2 Топоніми.
2.3 Ергоніми.
РОЗДІЛ 3 СЕМАНТИЧНИЙ АНАЛІЗ ФРАЗЕОЛОГІЧНИХ ОДИНИЦЬ НА ПОЗНАЧЕННЯ ІМЕН ЛЮДЕЙ, НАЗВ РОСЛИН ТА ТВАРИН В АМЕРИКАНСЬКОМУ ВАРІАНТІ АНГЛІЙСЬКОЇ МОВИ
3.1 Антропоніми.
3.2 фітоніми.
3.3 Зооніми.
ВИСНОВКИ _0оніми, топоніми , ергоніми,фітоніми |
||
| 650 | _aResearch Papers | ||
| 999 |
_c284114 _d284114 |
||
| 942 | _cBK | ||